00410nam a22001337a 4500008004100000040001800041041000800059100003000067245007100097260004600168300001800214490002200232650002200254130821s1911 fr gr fre  aCo-BoUCMbspa00afre aHugo, Víctord1802-188504aLesvoix intérieures. Les rayons et les ombrescPar Víctor Hugo aParís (Francia)bNelson, Editeursc1911 a286 páginas aCollection Nelson04aPoesía francesa